000 00327nam a2200133Ia 4500
005 20251013221652.0
008 251010s9999 xx 000 0 und d
041 _aeng
100 _aKrishnamurthy, Y.
_9214390
245 _aPosthumous Papers Of The Pickwde Club
250 _a1st
260 _bMacmillan
_c1996
300 _a204
999 _c368672
_d368672